Sổ chi tiết đầu tư chứng khoán

محفوظ في:
التفاصيل البيبلوغرافية
التنسيق: كتاب
اللغة:Undetermined
الموضوعات:
الوسوم: إضافة وسم
لا توجد وسوم, كن أول من يضع وسما على هذه التسجيلة!
Thư viện lưu trữ: Trung tâm Học liệu Trường Đại học Cần Thơ
LEADER 00407nam a2200133Ia 4500
001 CTU_148408
008 210402s9999 xx 000 0 und d
020 |c 7000 
082 |a 651.3 
082 |b S450 
245 0 |a Sổ chi tiết đầu tư chứng khoán 
650 |a Stock exchanges,Đầu tư chứng khoán 
904 |i Tuyến 
980 |a Trung tâm Học liệu Trường Đại học Cần Thơ